Mezinárodní mobilita pracovní síly ... aneb Stěhování za prací jako celosvětově rozšírený fenomén

Faktory ovplyvňujúce medzinárodnú mobilitu - demografické zmeny, predovšetkým rýchly populačný nárast v rozvojových krajinách v kombinácii s ťažkosťami ekonomík. Viac ako 190 miliónov ľudí žije dnes mimo svojej rodnej krajiny a tento počet každoročne stúpa o 3 percentá. Top 10 pozícií, ktoré zamestn...

Description complète

Enregistré dans:
Détails bibliographiques
Auteur principal: Rezlerová, Jaroslava
Format: Chapitre de livre
Langue:tchèque
Sujets:
Tags: Ajouter un tag
Pas de tags, Soyez le premier à ajouter un tag!

MARC

LEADER 00000naa$a2200000$$$4500
001 0082427
005 20231113131333.9
041 0 |a cze 
044 |a CZ 
245 1 0 |a Mezinárodní mobilita pracovní síly ... aneb Stěhování za prací jako celosvětově rozšírený fenomén  |c Jaroslava Rezlerová 
520 |a Faktory ovplyvňujúce medzinárodnú mobilitu - demografické zmeny, predovšetkým rýchly populačný nárast v rozvojových krajinách v kombinácii s ťažkosťami ekonomík. Viac ako 190 miliónov ľudí žije dnes mimo svojej rodnej krajiny a tento počet každoročne stúpa o 3 percentá. Top 10 pozícií, ktoré zamestnávatelia po celom svete obsadzujú cudzincami. Top 10 krajín s najväčším podielom pracujúcich mimo rodnej krajiny. 
610 2 0 |a pohyb síl pracovných medzinárodný 
610 2 0 |a zamestnávanie cudzincov 
610 2 0 |a svet 
100 1 |a Rezlerová, Jaroslava